| 000 | 01002nam a2200289 i 4500 | ||
|---|---|---|---|
| 005 | 20220316235952.0 | ||
| 008 | 141031s2007 sp a gr 000 p spa d | ||
| 020 | _a9788437605913 | ||
| 040 |
_aCO-BoRNBP _bspa _cCO-BoRNBP _erda |
||
| 100 | 1 |
_aMilton, John, _d1608-1674, _eautor |
|
| 245 | 1 | 3 |
_aEl paraíso recobrado ; Sansón agonista _cJhon Milton ; edición bilingüe y traducción de Joan Curbet |
| 250 | _aNovena edición | ||
| 264 |
_aMadrid _bCátedra _c2007 |
||
| 300 |
_a519 páginas _bilustraciones _c18 cm |
||
| 336 |
_atexto _btxt _2rdacontent |
||
| 337 |
_asin mediación _bn _2rdamedia |
||
| 338 |
_avolumen _bnc _2rdacarrier |
||
| 490 |
_aLetras universales _v363 |
||
| 504 | _aIncluye referencias bibliográficas | ||
| 534 | _tParadise regained | ||
| 650 | 1 | 7 |
_aPoesía inglesa _ySiglo XVII _2ARMARC |
| 650 | 1 | 7 |
_aLiteratura inglesa _ySiglo XVII _2ARMARC |
| 650 | 1 | 7 |
_aBien y mal _vPoesía _2ARMARC |
| 700 | 1 |
_aCurbet, Johan _etraductor _9136761 |
|
| 942 |
_2loc _cBKLIT |
||
| 084 | _aP MIL1 | ||
| 999 |
_c2771 _d2771 |
||